The second exodus : a historical novel /

Bibliographic Details
Main Author: Aharoni, Ada
Format: Book
Language:English
Published: Bryn Mawr, Pa. : Dorrance, [1983]
Subjects:

MARC

Tag First Indicator Second Indicator Subfields
LEADER 00000cam a2200000 a 4500
001 in00000502813
005 20151013070911.0
008 831026s1983 pau 00011 eng
010 |a  82090872  
020 |a 0805928626 :  |c $10.95 
035 |a (OCoLC)10145804 
035 |9 ACE1313AM 
039 0 |a 2  |b 3  |c 3  |d 3  |e 3 
040 |a DLC  |c DLC  |d TXA  |d UtOrBLW 
049 |a TXAM 
050 0 0 |a PR9510.9.A35  |b S4 1983 
100 1 |a Aharoni, Ada. 
245 1 4 |a The second exodus :  |b a historical novel /  |c by Ada Aharoni. 
264 1 |a Bryn Mawr, Pa. :  |b Dorrance,  |c [1983] 
264 4 |c ©1983 
300 |a ix, 138 pages ;  |c 24 cm. 
336 |a text  |b txt  |2 rdacontent 
337 |a unmediated  |b n  |2 rdamedia 
338 |a volume  |b nc  |2 rdacarrier 
650 0 |a Jews  |z Egypt  |x History  |x Fiction. 
651 0 |a Egypt  |x History  |y 1919-1952  |x Fiction. 
999 |a MARS 
999 f f |s b15728b2-0626-3a7f-956c-c2290cf0c1f5  |i cdbf4d45-0e84-3eab-80bd-9b2cbb2ab531  |t 0 
952 f f |p ric  |a Texas A&M University  |b Rellis Campus  |c Joint Library Facility  |d Remote Storage  |t 0  |e PR9510.9.A35 S4 1983  |h Library of Congress classification  |i unmediated -- volume  |m A14807837049 
998 f f |a PR9510.9.A35 S4 1983  |t 0  |l Remote Storage